Music Quiz

Random Music or Kpop Quiz

K-Pop Debut Songs Quiz Stats

Quiz not verified by Sporcle

Also try: Foo Fighters Songs
Challenge
Share
Tweet
Embed
Score 0/31 Timer 10:00
0 Plays Today
Hint! Group % Correct
ReplaySHINee
98.1%
Fire2NE1
97.3%
WarriorB.A.P
97%
LA chA TAf(x)
96.5%
Into the New WorldGirls' Generation
96.2%
BoyfriendBoyfriend
95.9%
Bad Girl Good Girlmiss A
94.6%
Hot Issue4Minute
94.3%
I'm a LonerCNBLUE
92.7%
La La LaBig Bang
92.1%
10 out of 102PM
91.3%
Push PushSISTAR
90.8%
Twins (Knockout)Super Junior
88.9%
HistoryEXO
88%
Bad GirlB2ST
86.4%
Oh YeahMBLAQ
84.8%
Hint! Group % Correct
O.KB1A4
83.7%
Come Back AgainINFINITE
82.3%
Ah!After School
81.3%
MazeltovZE:A
80.7%
IronyWonder Girls
77.2%
HugTVXQ!
77.2%
This Song2AM
74.2%
I Don't KnowAPink
72%
Not YoungU-KISS
65.8%
A Good Person/LiesT-ara
65.5%
Love SickF.T. Island
62%
Break ItKARA
60.1%
I Want You BackSECRET
58.7%
Gossip GirlRainbow
56.5%
No PlayboyNine Muses
44%

You're not logged in!

Compare scores with friends on all Sporcle quizzes.
Sign Up with Email
OR
Log In

You Might Also Like...

Show Comments

Extras

Top Quizzes Today


Score Distribution

Your Account Isn't Verified!

In order to create a playlist on Sporcle, you need to verify the email address you used during registration. Go to your Sporcle Settings to finish the process.